000 00973nam a22003137a 4500
003 CHAP
005 20220329140614.0
008 971013s1966 r 00010 d
010 _a54655
011 _a55627
035 _a59779
040 _cCHAP
082 _a020.7
_bT8
100 0 0 _aTsien, Tsuen-Wsvin
_eed.
_9115448
245 _aArea studies and the Library
260 _aChicago :
_bUniv. of Chicago,
_c1966
300 _a184 p.
590 _aBATCH-UPD
_b10
_c20130110
_lUCH01
_h0506
590 _aBATCH-UPD
_b10
_c20130110
_lUCH01
_h2314
590 _aBATCH-UPD
_b10
_c20130410
_lUCH01
_h1604
590 _aBATCH-UPD
_b10
_c20130914
_lUCH01
_h0625
590 _aCONVERSION
_b10
_c20130109
_lUCH01
_h1329
650 1 4 _aBiblioteconomía
_xEstudio y enseñanza.
_912577
700 0 _aWinger, Howard W.
_9122268
901 _aBK
942 _cLIBRO
949 _a020.7 T8
_bBC
_cB
_d-129147
_eB
_h60517
_i59779
_si
949 _a020.7 T8
_bBC
_cB
_d-129148
_eB
_fc.2
_h60893
_i59779
_si
999 _c54655
_d54655